000 00551nam a2200181 a 4500
001 000046886
005 20201002053202.0
008 180405s2004 dr a 000 0 spa d
020 _a9789945444425
040 _aDO-SdBNP
_bspa
_cBNPHU
082 _axxx
_bC965e, 8vo.
100 1 _aCuello del Orbe, Elisa Ysabel
_974001
245 1 0 _aEducación sexual 8 /
_cElisa Ysabel Cuello del Orbe.
260 _aSanto Domingo :
_bActualidad,
_c[s.f.].
300 _a64p.; :
_bil., ;
_c28 cm.
504 _aBibliografía: p. 64
590 _aInventariado, 2018/MFF
999 _c46375
_d46375